000
00278nam a22001217a 4500
082
_a
553.28 PET'B
100
_a
GUTHRIC, V.B
_9
78971
245
_a
PETROLEUM PRODUCTS HANDBOOK
250
_a
1ST
260
_a
NEWYORK
_b
MCGRAW HILL
_c
1969
300
_a
XVIII, 17-34P
942
_c
BK
999
_c
584042
_d
584042